MDQL
is popping MORE tags! Check the
thread
!
Quizzes
Events
Quiz Creation
Community
Videos
Private Events
Remove Ads
Sign In
Join for FREE
Feedback
Dark Mode
Quiz Categories
Sports
Geography
Music
Movies
Television
Just For Fun
Miscellaneous
History
Literature
Language
Science
Gaming
Entertainment
Religion
Holiday
For Kids
Quiz Lab
Recent
Popular Today
Quiz Kudos Today
Editor Picks
Curator Picks
Quizzes by...
Day
Popularity
Type
Ratings
Length
Year
Community
Subscriptions
Recent Discussions
Orange Saloon
Badges
Playlists
Quests
Create
Leaderboards
Showdown
Live 5
Trivia Bingo
Activity
Puzzle Library
Sporcle Events
Private Events
Virtual Trivia
Globe League
Become a Host
Pub Owners
SporcleCon
Opinionation
Our Games
Videos
Blog
Mobile Apps
Partnerships
Remove Ads and Go Orange
Feedback
Geography
Country
Landmarks
City
State
Population
World
Capital
Continent
Flags
Europe
Africa
Asia
South America
North America
Oceania
Border
Canada
United Kingdom
Topography
United States
Geography
Country
Landmarks
City
State
Population
World
Capital
Continent
Flags
Europe
Africa
Asia
South America
North America
Oceania
Border
Canada
United Kingdom
Topography
United States
Random Quiz
Search Sporcle
×
Quiz Lab
Quiz Lab
Geography
Country
Type in answers that appear in a list
Type in answers that appear in a list
Classic
Best Score? Go Orange.
Most Populous Country By Language Stats
Can you name the most populous country for each language (check 1st comment for explanation)?
By
bsd987
8m
50 Questions
1,757 Plays
1,757 Plays
1,757 Plays
Comments
Comments
Give Quiz Kudos
Give Quiz Kudos
-
- Ratings
hide this ad
Forced Order
Answers have to be entered in order
Answers have to be entered in order
Replay
Link that replays current quiz
Next Quiz
Link to next quiz in quiz playlist
You Got
0%
They Got
Avg Score
83%
Avg Friend Score
Upgrade to see
Score Distribution
Jump to the score distribution portion of the page
Score
0/50
Timer
08:00
0
Plays Today
Language
Country
% Correct
Mandarin & Simplified Chinese
China
100%
Hindi
India
99.8%
English
United States
99.7%
Indonesian
Indonesia
99.4%
Portuguese
Brazil
98.6%
Japanese
Japan
97.2%
Russian
Russia
97.2%
Vietnamese
Vietnam
96.4%
German
Germany
96.2%
Spanish
Mexico
95.2%
Filipino
Philippines
94.9%
Turkish
Turkey
94.8%
Italian
Italy
92.8%
Ukrainian
Ukraine
92.6%
Korean
South Korea
92.5%
Thai
Thailand
92.5%
Polish
Poland
92.3%
Nepali
Nepal
91.3%
Romanian
Romania
90.6%
Burmese
Myanmar
89.9%
10 regional languages, including Zulu and Afrikaans
South Africa
89.3%
Uzbek
Uzbekistan
89.2%
Persian
Iran
89.1%
Malay
Malaysia
89.1%
Greek
Greece
88.9%
Language
Country
% Correct
Bengali
Bangladesh
88.8%
Dutch
Netherlands
88.8%
Haitian Creole
Haiti
87.5%
Swedish
Sweden
87.4%
Serbian
Serbia
87.1%
Kazakh
Kazakhstan
87%
Somali
Somalia
86.7%
Belarussian
Belarus
86.4%
Czech
Czech Republic
86.2%
Arabic
Egypt
84.2%
Urdu
Pakistan
84.1%
Traditional Chinese
Taiwan
80.7%
Kurdish
Iraq
77.2%
Hausa, Igbo, & Yoruba
Nigeria
71.1%
Khmer
Cambodia
69.3%
Sinhala & Tamil
Sri Lanka
68.8%
Swahili
Tanzania
65%
21 Mayan Languages
Guatemala
62.8%
French
Democratic Republic of the Congo
61%
Amharic
Ethiopia
57.5%
Dari & Pashto
Afghanistan
57%
Magyar
Hungary
56.7%
Malagasy
Madagascar
52.8%
36 regional languages, including Aymara and Quechua
Bolivia
49.1%
Kinyarwanda
Rwanda
39.6%
Quiz Playlist
Details
Report
Send in Message
Add To Playlist
Classic:
Type in answers that appear in a list
Forced Order:
Answers have to be entered in order
Quiz Source
Last Updated: Nov 22, 2018
Quiz Scoreboard
CHALLENGE
Sign Up to Join the Scoreboard
Show All
Scores
Hide
Comments
May contain spoilers
Recently Published
Holiday 10x10 Sorting Gallery
by lukepisani3
Holiday
15m
Two Season TV Shows II
by 123Four
Television
10m
Image Sorting: Flags VI
by Barbecue
Geography
2m
More to Explore
Quiz From the Vault
Featured Blog Post
14 Easter Pick-up Lines to Find Eggs With
hide this ad
You Might Also Like...
Tags
Country Quiz
Population Quiz
check
Explanation
Today's Top Quizzes in Geography
Browse Geography
hide this ad
Today's Top Quizzes in Country
Browse Country
Top Contributed Quizzes in Geography
1
Colored Red Europe Blitz I
2
Countries of the World - No Outlines Minefield
3
Colored Red Africa Blitz II
4
Colored Red Europe Blitz II
5
Colored Red Europe Blitz III
6
Colored Red Africa Blitz III
7
Colored Red States Blitz I
8
A Different View: World Oceans
9
Colored Red States Blitz II
10
Colored Red States Blitz III
Explore More
Trending Topics
Harry Potter
NBA
Kpop
Marvel
Disney
Crossword
Anime
Song
Country
Soccer
The Office
Puzzle
NFL
WWE
Pokémon
hide this ad
More By:
bsd987
Quiz
Plays
Rating
Category
Featured
Created
Dallas Cowboys Coaches
64,688
4.14
Sports
Sep 26, 2009
NCAA Wrestling Champions
2,502
3.50
Sports
Oct 3, 2009
Worst Sporcle Quiz Ever
2,030
3.78
Just For Fun
Oct 27, 2009
Countries with Monarchs
1,775
4.21
Geography
Nov 26, 2009
Most Populous Country By Language
1,757
3.61
Geography
Nov 7, 2009
Go to Creator's Profile
Score Distribution
Quiz Creator Spotlight
bsd987
Follow
Send a Message
Quizzes Created
-
Created Quiz Play Count
-
More By This Creator
Popular Quizzes Today
1
Find the US States - No Outlines Minefield
2
Colored Red Africa Blitz
3
Find the 'City' Movie
4
The Countries of the World
5
5x2 Blitz: Bands
6
Find the Countries of Europe - No Outlines Minefield
7
Find the US States
8
US States
More Geography Quizzes
Acrostic Lake Tahoe
Curator's Pick
Trending Quizzes
Colored Red Europe Blitz I
Colored Red Europe Blitz II
Colored Red Africa Blitz II
Even More Two Season TV Shows
Colored Red Africa Blitz III
Recently Updated
Odd Team Out - Big 4 Players
pecheneg
Quick Pick: 20 Twenties
pecheneg
March Madness Men's Triple Doubles
pecheneg
How Do You Spell That?
pecheneg
Godzilla Movies
pecheneg
Grab Bag: 4-10 Letters
pecheneg
2024 March Madness Bracket
pecheneg
Famous TV Couples
Peacemaker
Champions League XIs: Real Madrid
pecheneg
Largest US Cities 1790-2010
pecheneg
Trending Topics
Anime
Crossword
Harry Potter
NBA
Marvel
Kpop
Disney
Country
WWE
NFL
Soccer
Pokémon
Song
The Office
Puzzle
Your Account Isn't Verified!
In order to create a playlist on Sporcle, you need to verify the email address you used during registration. Go to your
Sporcle Settings
to finish the process.
Report this User
Report this user for behavior that violates our
Community Guidelines
.
Details:
Send Report
Go to the Sporcle.com Mobile Site →
Comments